| 000 | 00672nam a2200241Ia 4500 | ||
|---|---|---|---|
| 001 | 14705 | ||
| 005 | 20240113235549.0 | ||
| 007 | ta | ||
| 008 | 051128s1893 a g b000 u 465 u | ||
| 040 | _aCottonCollege,Assam | ||
| 041 | _a465 | ||
| 082 |
_a512.84 _bK 672 On |
||
| 100 | _aKlein, Felix . | ||
| 245 | 0 |
_aOn Riemann`s Theory of Algebraic Functions and Their Integrals / _cFelix Klein. _hTextual Documents |
|
| 250 | _a1st ed. / | ||
| 260 |
_aCambridge : _bMacmillan & Bowes , _c1893. |
||
| 300 |
_a76p. : _bill ; _c22cm . |
||
| 653 | _aAlgebraic Functions | ||
| 653 | _aG-Mathematics | ||
| 942 |
_2ddc _cBK |
||
| 999 |
_c14691 _d14691 |
||